[Event "Dresden Uhlmann Rapid op"]
[Site "Dresden"]
[Date "2023.05.06"]
[Round "1"]
[White "Schwarz, Michael"]
[Black "Richter, Leonard"]
[Result "1-0"]
[WhiteElo "2379"]
[BlackElo "2244"]
[PlyCount "89"]
[EventDate "2023.05.06"]
[EventType "swiss (rapid)"]
[EventRounds "7"]
[EventCountry "GER"]
[SourceTitle "CBM 214 Extra"]
[Source "ChessBase"]
[SourceDate "2023.07.31"]
[SourceVersion "1"]
[SourceVersionDate "2023.07.31"]
[SourceQuality "1"]

1. d4 Nf6 2. Nf3 g6 3. g3 Bg7 4. Bg2 0-0 5. 0-0 d6 6. c4 Nc6 7. b3 a6 8. Bb2 Bd7 9. Nbd2 Rb8 10. Rc1 b5 11. c5 Re8 12. e4 e5 13. d5 Ne7 14. c6 Bc8 15. Qe2 Rf8 16. Ne1 g5 17. Nd3 Ng6 18. f3 Nh5 19. Rf2 f5 20. exf5 Bxf5 21. Ne4 Nf6 22. Nxg5 Nxd5 23. Ne4 Qe7 24. Rcf1 Rbe8 25. Bc1 h6 26. Qc2 Nf6 27. Nxf6+ Qxf6 28. Bb2 Qe6 29. Qd2 Ne7 30. Rc1 Kh7 31. Re2 Bg6 32. Nf4 Qf5 33. Nxg6 Nxg6 34. Qa5 Qc8 35. Qd2 Re7 36. a4 Qb8 37. Qc2 Re6 38. f4 Kh8 39. f5 Rxf5 40. Qxf5 Rf6 41. Qc2 Qb6+ 42. Kh1 Ne7 43. axb5 axb5 44. b4 Nf5 45. Qe4 1-0

[Event "BL2-Sued 1516"]
[Site "Germany"]
[Date "2016.01.17"]
[Round "5.4"]
[White "Jaeggi, Dorian"]
[Black "Schwarz, Michael"]
[Result "1-0"]
[WhiteElo "2307"]
[BlackElo "2386"]
[PlyCount "101"]
[EventDate "2015.09.20"]
[EventType "team-tourn"]
[EventRounds "9"]
[EventCountry "GER"]
[SourceTitle "EXT 2017"]
[Source "ChessBase"]
[SourceDate "2016.10.25"]
[SourceVersion "1"]
[SourceVersionDate "2016.10.25"]
[SourceQuality "1"]
[WhiteTeam "Brombach"]
[BlackTeam "Baden-Baden II"]
[WhiteTeamCountry "GER"]
[BlackTeamCountry "GER"]

1. e4 d6 2. d4 Nf6 3. Nc3 c6 4. f4 Qa5 5. Bd3 e5 6. Nf3 Bg4 7. Be3 Nbd7 8. 0-0 Be7 9. h3 Bh5 10. Qe1 Bxf3 11. Rxf3 Nh5 12. Ne2 Qxe1+ 13. Rxe1 Nxf4 14. Nxf4 exf4 15. Bxf4 0-0 16. c3 Rad8 17. Bc4 Nb6 18. Bb3 Rd7 19. Ref1 d5 20. e5 Na8 21. Bc2 Nc7 22. Bf5 Ne6 23. Be3 Rdd8 24. Bg4 Nc7 25. Bh5 f6 26. exf6 Bxf6 27. g3 Nb5 28. g4 Nd6 29. g5 Be7 30. Bg4 Rxf3 31. Rxf3 Rf8 32. Be6+ Kh8 33. Rxf8+ Bxf8 34. Kg2 Be7 35. Kf3 Ne4 36. h4 g6 37. Bf4 Bd6 38. c4 Bxf4 39. Kxf4 Kg7 40. cxd5 cxd5 41. Bxd5 Nf2 42. Ke3 Nd1+ 43. Kd2 Nxb2 44. Bb3 b5 45. Kc3 Na4+ 46. Bxa4 bxa4 47. Kb4 Kf7 48. Kc5 Ke7 49. Kc6 a3 50. d5 Kd8 51. d6 1-0

[Event "BL2-Sued 1415"]
[Site "Germany"]
[Date "2014.11.09"]
[Round "3.5"]
[White "Becker, Matthias1"]
[Black "Schwarz, Michael"]
[Result "0-1"]
[WhiteElo "2154"]
[BlackElo "2383"]
[PlyCount "110"]
[EventDate "2014.09.21"]
[EventType "team-tourn"]
[EventRounds "9"]
[EventCountry "GER"]
[SourceTitle "CBM 166 Extra"]
[Source "ChessBase"]
[SourceDate "2015.06.18"]
[SourceVersion "1"]
[SourceVersionDate "2015.06.18"]
[SourceQuality "1"]
[WhiteTeam "Buchen"]
[BlackTeam "Baden-Baden II"]
[WhiteTeamCountry "GER"]
[BlackTeamCountry "GER"]

1. e4 g6 2. d4 Bg7 3. Nf3 d6 4. Bc4 Nf6 5. Qe2 c6 6. e5 dxe5 7. dxe5 Nd5 8. h3 0-0 9. 0-0 b5 10. Bb3 a6 11. Rd1 Qc7 12. a4 bxa4 13. Rxa4 Nd7 14. Bxd5 cxd5 15. e6 Nb6 16. exf7+ Rxf7 17. Rh4 h5 18. Ng5 Rf5 19. Ne6 Qe5 20. Qxe5 Bxe5 21. Nd4 Rf7 22. Bg5 Bd7 23. Nc3 e6 24. Nf3 Bg7 25. Ne2 Rc8 26. Rb4 Nc4 27. b3 Na3 28. c4 dxc4 29. bxc4 Nxc4 30. Nf4 Kh7 31. Rb7 Be8 32. Rxf7 Bxf7 33. Rd7 Kg8 34. Ra7 a5 35. Nh4 Rc5 36. Be7 Rb5 37. Nfxg6 Rb1+ 38. Kh2 Nd2 39. g3 e5 40. Rxa5 Bxg6 41. Nxg6 Nf3+ 42. Kg2 e4 43. h4 Rg1+ 44. Kh3 Rh1+ 45. Kg2 Rh2+ 46. Kf1 Bd4 47. Ke2 Rxf2+ 48. Kd1 Kf7 49. Nf4 Kxe7 50. Rxh5 Rd2+ 51. Kc1 Be3 52. Kb1 Bxf4 53. gxf4 e3 54. Kc1 e2 55. Re5+ Kf6 0-1

[Event "BL2-Sued 1314"]
[Site "Germany"]
[Date "2013.12.15"]
[Round "4.5"]
[White "Schwarz, Michael"]
[Black "Bach, Edwin"]
[Result "1-0"]
[WhiteElo "2367"]
[BlackElo "2281"]
[PlyCount "91"]
[EventDate "2013.10.13"]
[EventType "team-tourn"]
[EventRounds "9"]
[EventCountry "GER"]
[SourceTitle "EXT 2015"]
[Source "ChessBase"]
[SourceDate "2014.11.20"]
[SourceVersion "1"]
[SourceVersionDate "2014.11.20"]
[SourceQuality "1"]
[WhiteTeam "Baden-Baden II"]
[BlackTeam "Untergrombach"]
[WhiteTeamCountry "GER"]
[BlackTeamCountry "GER"]

1. g3 Nf6 2. Bg2 c5 3. c4 e6 4. Nf3 a6 5. 0-0 Be7 6. Nc3 0-0 7. b3 d6 8. Bb2 Nbd7 9. d4 cxd4 10. Qxd4 Qc7 11. Rfd1 Rd8 12. Ng5 Nf8 13. Na4 Ne8 14. Ne4 Rb8 15. Nb6 Nd7 16. Nxc8 Rbxc8 17. Qd2 b6 18. Rac1 Nc5 19. Qf4 h6 20. h4 Qb8 21. Nxc5 bxc5 22. Bc3 Rd7 23. Rd3 Qa7 24. Qd2 Qb6 25. Rd1 Ra7 26. Ba5 Qb8 27. Bf3 Nf6 28. Kg2 Ne8 29. Rb1 Bf6 30. b4 Bd8 31. Rdb3 Bxa5 32. bxa5 Qc7 33. Rb6 Rd8 34. Rb7 Rxb7 35. Rxb7 Qc8 36. Ra7 Nf6 37. Ra8 Qc7 38. Rxa6 d5 39. Qc2 g5 40. hxg5 hxg5 41. Qb2 g4 42. Qxf6 gxf3+ 43. Qxf3 dxc4 44. Rb6 Rd5 45. Qg4+ Kh7 46. Rb1 1-0

[Event "BL2-Sued 1213"]
[Site "Germany"]
[Date "2013.02.03"]
[Round "6.6"]
[White "Schwarz, Michael"]
[Black "Meyer, Kai Christian"]
[Result "1-0"]
[WhiteElo "2363"]
[BlackElo "2177"]
[PlyCount "81"]
[EventDate "2012.10.14"]
[EventType "team-tourn"]
[EventRounds "9"]
[EventCountry "GER"]
[SourceTitle "CBM 154 Extra"]
[Source "ChessBase"]
[SourceDate "2013.06.25"]
[SourceVersion "2"]
[SourceVersionDate "2013.06.25"]
[SourceQuality "1"]
[WhiteTeam "Baden-Baden II"]
[BlackTeam "Schoeneck"]
[WhiteTeamCountry "GER"]
[BlackTeamCountry "GER"]

1. Nf3 Nf6 2. g3 d5 3. Bg2 c6 4. b3 Bf5 5. Bb2 e6 6. d3 Nbd7 7. Nbd2 h6 8. 0-0 Be7 9. c4 0-0 10. Qc2 Bh7 11. a3 a5 12. Bc3 b5 13. Bd4 Qb8 14. Rfc1 Rc8 15. Qb2 bxc4 16. bxc4 Qxb2 17. Bxb2 a4 18. Rc2 Bf8 19. Nd4 e5 20. cxd5 exd4 21. dxc6 Nc5 22. Bxd4 Nb3 23. Nxb3 axb3 24. Rb2 Rxa3 25. Rxa3 Bxa3 26. Rxb3 Bd6 27. Rb7 Rb8 28. c7 Rc8 29. Bc5 Ne8 30. Bxd6 Nxd6 31. Rb6 Ne8 32. Rb8 Bf5 33. Bb7 Nd6 34. Bxc8 Nxc8 35. e4 Bd7 36. d4 Kf8 37. d5 Ke7 38. e5 Na7 39. f4 Bf5 40. Rg8 g6 41. Rd8 1-0

[Event "BL2-Sued 1213"]
[Site "Germany"]
[Date "2012.11.25"]
[Round "3.6"]
[White "Mueller, Ralf1"]
[Black "Schwarz, Michael"]
[Result "1/2-1/2"]
[WhiteElo "2412"]
[BlackElo "2363"]
[PlyCount "217"]
[EventDate "2012.10.14"]
[EventType "team-tourn"]
[EventRounds "9"]
[EventCountry "GER"]
[SourceTitle "CBM 154 Extra"]
[Source "ChessBase"]
[SourceDate "2013.06.25"]
[SourceVersion "2"]
[SourceVersionDate "2013.06.25"]
[SourceQuality "1"]
[WhiteTeam "Boeblingen"]
[BlackTeam "Baden-Baden II"]
[WhiteTeamCountry "GER"]
[BlackTeamCountry "GER"]

1. d4 Nf6 2. Nf3 e6 3. c4 Bb4+ 4. Bd2 Qe7 5. g3 0-0 6. Bg2 Bxd2+ 7. Qxd2 d6 8. Nc3 a5 9. 0-0 Nbd7 10. Rac1 c6 11. Rfd1 Re8 12. Nh4 Nb6 13. b3 Bd7 14. c5 Nc8 15. Na4 d5 16. f4 Qd8 17. Nf3 Ne4 18. Qc2 f5 19. Ne5 Nf6 20. Qd2 Re7 21. Bf3 Be8 22. h3 Nd7 23. Qe3 Nxe5 24. dxe5 Bg6 25. Kf2 Qc7 26. Qc3 b5 27. cxb6 Nxb6 28. Qxc6 Qxc6 29. Rxc6 Nxa4 30. bxa4 Be8 31. Rc5 Kf8 32. Rd3 Rb7 33. Rb3 Rba7 34. g4 g6 35. Rbc3 Bxa4 36. Rc8+ Rxc8 37. Rxc8+ Kg7 38. Rb8 Bd7 39. gxf5 gxf5 40. Bh5 a4 41. Be8 Bxe8 42. Rxe8 Kf7 43. Rh8 Kg7 44. Rb8 a3 45. Rb3 Ra4 46. Rb7+ Kg6 47. Kf3 Rc4 48. Rb3 Ra4 49. Rb6 Kf7 50. Rb7+ Kg6 51. Re7 Ra6 52. Ke3 h6 53. Rd7 Ra4 54. Re7 Ra6 55. Kf3 Rc6 56. Kg3 Kh5 57. Ra7 Rc3+ 58. Kg2 Re3 59. Kf2 Rxh3 60. Ra6 Kg4 61. Rxe6 Kxf4 62. Re8 Rh2+ 63. Kf1 Ke3 64. Rd8 Rf2+ 65. Kg1 Rxe2 66. Rxd5 Kf4 67. Ra5 Rxa2 68. e6 Re2 69. Rxa3 Rxe6 70. Kf2 Re4 71. Rf3+ Kg5 72. Rg3+ Rg4 73. Rb3 h5 74. Kf3 h4 75. Rb8 Rf4+ 76. Ke3 Rg4 77. Kf3 Rg3+ 78. Kf2 Kg4 79. Rg8+ Kf4 80. Rh8 Rf3+ 81. Ke2 Rh3 82. Kf2 Rh2+ 83. Kg1 Rb2 84. Rh7 Kf3 85. Ra7 f4 86. Ra3+ Kg4 87. Rc3 Re2 88. Rb3 Re1+ 89. Kf2 Rd1 90. Kg2 h3+ 91. Kh2 Re1 92. Rb8 Re2+ 93. Kg1 f3 94. Rg8+ Kf4 95. Rf8+ Ke3 96. Re8+ Kd2 97. Rf8 Rg2+ 98. Kh1 Rf2 99. Kg1 h2+ 100. Kh1 Ke1 101. Rf7 Rf1+ 102. Kxh2 Kf2 103. Ra7 Re1 104. Ra2+ Re2 105. Ra1 Rd2 106. Rb1 Re2 107. Ra1 Re1 108. Ra2+ Re2 109. Ra1 1/2-1/2

[Event "BL2-Sued 1112"]
[Site "Germany"]
[Date "2012.02.26"]
[Round "7.4"]
[White "Eisenbeiser, Amadeus"]
[Black "Schwarz, Michael"]
[Result "0-1"]
[WhiteElo "2419"]
[BlackElo "2362"]
[PlyCount "88"]
[EventDate "2011.10.02"]
[EventType "team-tourn"]
[EventRounds "9"]
[EventCountry "GER"]
[SourceTitle "EXT 2015"]
[Source "ChessBase"]
[SourceDate "2014.11.20"]
[SourceVersion "1"]
[SourceVersionDate "2014.11.20"]
[SourceQuality "1"]
[WhiteTeam "Buchen"]
[BlackTeam "Baden-Baden II"]
[WhiteTeamCountry "GER"]
[BlackTeamCountry "GER"]

1. c4 e5 2. Nc3 d6 3. e3 g6 4. d4 Nc6 5. Nge2 Bg7 6. d5 Nce7 7. g3 f5 8. Bg2 Nf6 9. 0-0 0-0 10. f4 e4 11. b3 Nd7 12. Rb1 a5 13. Bb2 Nc5 14. Nc1 c6 15. Rf2 Qc7 16. Rd2 Rd8 17. Bf1 Bd7 18. dxc6 Bxc6 19. N1e2 d5 20. Nd4 dxc4 21. Bxc4+ Kh8 22. Nce2 Be8 23. Nc3 h6 24. Qf1 Qb6 25. Rbd1 Kh7 26. h3 Rd6 27. Ba3 Rad8 28. Qe2 Nc6 29. Ncb5 R6d7 30. Kh2 Nb4 31. g4 fxg4 32. Qxg4 Nbd3 33. Rg2 h5 34. Qg3 Bf7 35. Bxc5 Nxc5 36. f5 Nd3 37. Bxd3 exd3 38. Rdg1 Kg8 39. fxg6 Bd5 40. Rf2 Re8 41. Rf5 Be4 42. Rxh5 Rd5 43. Nc7 Rxh5 44. Nxe8 Be5 0-1

[Event "BL2-Sued 1112"]
[Site "Germany"]
[Date "2011.12.11"]
[Round "4.6"]
[White "Sieglen, Joachim"]
[Black "Schwarz, Michael"]
[Result "1/2-1/2"]
[WhiteElo "2302"]
[BlackElo "2362"]
[PlyCount "81"]
[EventDate "2011.10.02"]
[EventType "team-tourn"]
[EventRounds "9"]
[EventCountry "GER"]
[SourceTitle "EXT 2015"]
[Source "ChessBase"]
[SourceDate "2014.11.20"]
[SourceVersion "1"]
[SourceVersionDate "2014.11.20"]
[SourceQuality "1"]
[WhiteTeam "Untergrombach"]
[BlackTeam "Baden-Baden II"]
[WhiteTeamCountry "GER"]
[BlackTeamCountry "GER"]

1. d4 g6 2. c4 Bg7 3. Nf3 Nf6 4. g3 c6 5. Bg2 d5 6. cxd5 cxd5 7. 0-0 0-0 8. Ne5 e6 9. Nc3 Nfd7 10. f4 Nc6 11. Be3 Ne7 12. Rc1 Nf5 13. Bf2 Nd6 14. Qb3 Qb6 15. Na4 Qxb3 16. axb3 Nf6 17. Ra1 Bd7 18. Rfc1 Bxa4 19. bxa4 Rfc8 20. e3 Nfe4 21. Bxe4 Nxe4 22. Be1 Bxe5 23. fxe5 f5 24. exf6 Nxf6 25. h3 Ne4 26. g4 b6 27. Kg2 Kf7 28. Kf3 g5 29. Kg2 Ke8 30. Kf3 Kd7 31. Kg2 a6 32. Kf3 Rf8+ 33. Kg2 Rac8 34. b3 Rxc1 35. Rxc1 Rc8 36. Rxc8 Kxc8 37. Kf3 Kd7 38. Ke2 e5 39. Kd3 Ke6 40. Ke2 Nf6 41. Bg3 1/2-1/2

[Event "BL2-Sued 1112"]
[Site "Germany"]
[Date "2011.11.21"]
[Round "3.5"]
[White "Schenderowitsch, Michael"]
[Black "Schwarz, Michael"]
[Result "1/2-1/2"]
[WhiteElo "2286"]
[BlackElo "2362"]
[PlyCount "35"]
[EventDate "2011.10.02"]
[EventType "team-tourn"]
[EventRounds "9"]
[EventCountry "GER"]
[SourceTitle "EXT 2015"]
[Source "ChessBase"]
[SourceDate "2014.11.20"]
[SourceVersion "1"]
[SourceVersionDate "2014.11.20"]
[SourceQuality "1"]
[WhiteTeam "Schott Mainz"]
[BlackTeam "Baden-Baden II"]
[WhiteTeamCountry "GER"]
[BlackTeamCountry "GER"]

1. c4 g6 2. Nc3 c5 3. Nf3 Bg7 4. e3 Nf6 5. d4 0-0 6. d5 e6 7. Bd3 exd5 8. cxd5 d6 9. h3 a6 10. a4 b6 11. 0-0 Nbd7 12. e4 Ne8 13. Be3 Rb8 14. Qe2 Nc7 15. Bf4 Qe7 16. Rfe1 Re8 17. Qf1 Qf8 18. Bg3 1/2-1/2

[Event "BL2-Sued 1011"]
[Site "Germany"]
[Date "2010.10.10"]
[Round "1.6"]
[White "Schwarz, Michael"]
[Black "Fuchs, Heinz"]
[Result "0-1"]
[WhiteElo "2378"]
[BlackElo "2302"]
[PlyCount "77"]
[EventDate "2010.10.10"]
[EventType "team-tourn"]
[EventRounds "9"]
[EventCountry "GER"]
[SourceTitle "EXT 2012"]
[Source "ChessBase"]
[SourceDate "2011.11.24"]
[SourceVersion "1"]
[SourceVersionDate "2011.11.24"]
[SourceQuality "1"]
[WhiteTeam "Baden-Baden 1922 II"]
[BlackTeam "Untergrombach"]
[WhiteTeamCountry "GER"]
[BlackTeamCountry "GER"]

1. Nf3 Nf6 2. c4 e6 3. g3 d5 4. Bg2 a6 5. b3 Be7 6. 0-0 0-0 7. Bb2 c5 8. cxd5 exd5 9. d4 Nc6 10. Nc3 Bg4 11. dxc5 Bxc5 12. Rc1 Be7 13. h3 Be6 14. Nd4 Rc8 15. Nxe6 fxe6 16. Na4 Bd6 17. a3 Qe7 18. b4 Ne5 19. Nc5 Bxc5 20. Bxe5 Bb6 21. e3 Rxc1 22. Qxc1 Nd7 23. Bb2 Qf7 24. Qd2 Nf6 25. Qd3 Rc8 26. Rc1 Rxc1+ 27. Bxc1 Qc7 28. Bb2 Qc6 29. g4 Ne4 30. Bxe4 dxe4 31. Qb3 Kf7 32. Be5 Bc7 33. Qb2 Bxe5 34. Qxe5 Qd5 35. Qc7+ Kg6 36. Kg2 h6 37. h4 Kh7 38. h5 Qd1 39. Qf4 0-1

[Event "BL2-Sued 0910"]
[Site "Germany"]
[Date "2010.02.28"]
[Round "7.5"]
[White "Mueller, Ralf1"]
[Black "Schwarz, Michael"]
[Result "1-0"]
[WhiteElo "2410"]
[BlackElo "2415"]
[PlyCount "81"]
[EventDate "2009.10.18"]
[EventType "team-tourn"]
[EventRounds "9"]
[EventCountry "GER"]
[SourceTitle "EXT 2011"]
[Source "ChessBase"]
[SourceDate "2010.11.26"]
[SourceVersion "1"]
[SourceVersionDate "2010.11.26"]
[SourceQuality "1"]
[WhiteTeam "Boeblingen"]
[BlackTeam "Baden-Baden II"]
[WhiteTeamCountry "GER"]
[BlackTeamCountry "GER"]

1. Nf3 c5 2. c4 g6 3. e4 Bg7 4. d4 d6 5. Nc3 Bg4 6. d5 Nd7 7. Be2 Bxf3 8. gxf3 Ngf6 9. Be3 a6 10. Qd2 Qa5 11. a3 Nh5 12. Rc1 Rb8 13. f4 Nhf6 14. 0-0 0-0 15. Rb1 Ne8 16. Rfc1 Kh8 17. Qd1 f5 18. exf5 gxf5 19. b4 Qc7 20. Bd3 Bf6 21. Ne2 Bh4 22. Ng3 Bxg3 23. hxg3 Ng7 24. Qc2 Rf7 25. Kg2 b6 26. Rh1 Rg8 27. Qa4 Qc8 28. Rh6 Rgf8 29. Rbh1 Nf6 30. bxc5 bxc5 31. Bd2 Kg8 32. Qc2 e5 33. dxe6 Qxe6 34. g4 Qd7 35. g5 Qc6+ 36. Kg1 Nfh5 37. R6xh5 Nxh5 38. Rxh5 Qf3 39. Rh4 Re7 40. Bf1 Qxa3 41. Bg2 1-0

[Event "BL2-Sued 0708"]
[Site "Germany"]
[Date "2008.03.09"]
[Round "7.4"]
[White "Schwarz, Michael"]
[Black "Wintzer, Joachim"]
[Result "1/2-1/2"]
[WhiteElo "2409"]
[BlackElo "2349"]
[PlyCount "81"]
[EventDate "2007.10.21"]
[EventType "team-tourn"]
[EventRounds "9"]
[EventCountry "GER"]
[SourceTitle "EXT 2009"]
[Source "ChessBase"]
[SourceDate "2008.11.26"]
[SourceVersion "1"]
[SourceVersionDate "2008.11.26"]
[SourceQuality "1"]
[WhiteTeam "Baden-Baden II"]
[BlackTeam "Heidelberg Kirchheim"]
[WhiteTeamCountry "GER"]
[BlackTeamCountry "GER"]

1. c4 c5 2. g3 Nc6 3. Bg2 g6 4. Nc3 Bg7 5. e3 Bxc3 6. bxc3 b6 7. d3 Bb7 8. e4 d6 9. h4 h5 10. Bg5 Qd7 11. Qd2 0-0-0 12. Ne2 Re8 13. 0-0 Kb8 14. Rad1 e5 15. Be3 f6 16. f4 Qg7 17. f5 gxf5 18. Rxf5 Nge7 19. Rf2 Bc8 20. Rdf1 Ref8 21. Kh2 Bg4 22. Ng1 Rf7 23. Bh3 Bxh3 24. Nxh3 Qg6 25. Rf3 Ng8 26. Qf2 Rg7 27. Ng1 Kc7 28. Ne2 Nb8 29. Qg2 Qe8 30. Ng1 Qa4 31. Nh3 Nd7 32. Qd2 Ne7 33. Nf2 Rhg8 34. Nd1 Qa6 35. Bf2 Qc8 36. Ne3 Qe8 37. Nf5 Nxf5 38. Rxf5 Rg4 39. Qe2 Qg6 40. Qf3 Rg7 41. Be1 1/2-1/2

[Event "BL2-Sued 0607"]
[Site "Germany"]
[Date "2007.04.22"]
[Round "9.4"]
[White "Schwarz, Michael"]
[Black "Heinatz, Thomas"]
[Result "1/2-1/2"]
[WhiteElo "2395"]
[BlackElo "2255"]
[PlyCount "45"]
[EventDate "2006.10.15"]
[EventType "team-tourn"]
[EventRounds "9"]
[EventCountry "GER"]
[SourceTitle "EXT 2008"]
[Source "ChessBase"]
[SourceDate "2007.11.25"]
[SourceVersion "1"]
[SourceVersionDate "2007.11.25"]
[SourceQuality "1"]
[WhiteTeam "Baden-Baden II"]
[BlackTeam "Stuttgart"]
[WhiteTeamCountry "GER"]
[BlackTeamCountry "GER"]

1. d4 Nf6 2. g3 d5 3. Bg2 c6 4. Nf3 Bf5 5. 0-0 e6 6. c3 Bd6 7. Qb3 Qc7 8. c4 dxc4 9. Qxc4 Nbd7 10. Nc3 0-0 11. Nh4 Bg4 12. e4 e5 13. Be3 Rad8 14. d5 cxd5 15. Qxc7 Bxc7 16. exd5 Nb6 17. h3 Bc8 18. Rac1 Bb8 19. b3 h6 20. Bxb6 axb6 21. Rfd1 Bd6 22. Na4 Ba3 23. Rc2 1/2-1/2

[Event "BL2-Sued 0607"]
[Site "Germany"]
[Date "2006.10.15"]
[Round "1.3"]
[White "Schwarz, Michael"]
[Black "Sinz, Bernhard"]
[Result "1-0"]
[WhiteElo "2395"]
[BlackElo "2230"]
[PlyCount "95"]
[EventDate "2006.10.15"]
[EventType "team-tourn"]
[EventRounds "9"]
[EventCountry "GER"]
[SourceTitle "EXT 2008"]
[Source "ChessBase"]
[SourceDate "2007.11.25"]
[SourceVersion "1"]
[SourceVersionDate "2007.11.25"]
[SourceQuality "1"]
[WhiteTeam "Baden-Baden II"]
[BlackTeam "Bebenhausen"]
[WhiteTeamCountry "GER"]
[BlackTeamCountry "GER"]

1. g3 e5 2. Bg2 Nc6 3. c4 g6 4. Nc3 Bg7 5. e3 d6 6. Nge2 Nge7 7. Rb1 Bf5 8. d3 0-0 9. b4 Qd7 10. h3 Rac8 11. Kf1 Be6 12. b5 Nd8 13. Kg1 f5 14. Qa4 g5 15. f4 h6 16. Kh2 Kh7 17. Qxa7 d5 18. Ba3 exf4 19. exf4 gxf4 20. gxf4 d4 21. Na4 Rg8 22. Rbe1 Bf6 23. Nc5 Qe8 24. Bf3 b6 25. Nb3 Ng6 26. Bc1 Nh4 27. Rhf1 Nxf3+ 28. Rxf3 Qh5 29. Ref1 Nf7 30. Qa3 Rg7 31. Qb2 Rcg8 32. Ng3 Qh4 33. Qf2 Ne5 34. fxe5 Bxe5 35. Bf4 Bxf4 36. Rxf4 Qxg3+ 37. Qxg3 Rxg3 38. Nxd4 Rg2+ 39. Kh1 Rxa2 40. R4f2 Rxf2 41. Rxf2 Bc8 42. Kh2 Rd8 43. Rf4 Kg7 44. Kg3 Kf6 45. Rh4 Bb7 46. Kf2 Ra8 47. Rxh6+ Kg7 48. Rh7+ 1-0

[Event "EU-Cup 22nd"]
[Site "Fuegen"]
[Date "2006.10.09"]
[Round "2.4"]
[White "Khenkin, Igor"]
[Black "Schwarz, Michael"]
[Result "1-0"]
[WhiteElo "2620"]
[BlackElo "2399"]
[PlyCount "108"]
[EventDate "2006.10.08"]
[EventType "team-swiss"]
[EventRounds "7"]
[EventCountry "AUT"]
[SourceTitle "CBM 115"]
[Source "ChessBase"]
[SourceDate "2006.11.15"]
[SourceVersion "1"]
[SourceVersionDate "2006.11.15"]
[SourceQuality "1"]
[WhiteTeam "Ashdod"]
[BlackTeam "Jenbach"]
[WhiteTeamCountry "ISR"]
[BlackTeamCountry "AUT"]

1. d4 Nf6 2. c4 c6 3. Nf3 g6 4. Nc3 Bg7 5. e4 d6 6. Be2 Bg4 7. Be3 0-0 8. Nd2 Bxe2 9. Qxe2 e5 10. d5 Nbd7 11. 0-0 c5 12. g4 Ne8 13. Kh1 Bf6 14. Nf3 Ng7 15. Bh6 Be7 16. Rg1 f6 17. Rg3 Rf7 18. Rag1 Ne8 19. Nh4 Bf8 20. Bc1 Ng7 21. Rh3 Qe7 22. Nd1 g5 23. Nf5 Nxf5 24. gxf5 h6 25. Ne3 Rh7 26. Rh5 Bg7 27. Rg3 Kf7 28. h4 Rah8 29. Rh3 Nf8 30. Bd2 Kg8 31. Kg2 Qe8 32. b3 b6 33. Qd1 a5 34. Qe2 Nd7 35. Nd1 Bf8 36. Kf1 Be7 37. Nc3 Nf8 38. Nb5 Qd7 39. Qf3 Kg7 40. Ke2 Kg8 41. Kd3 Kg7 42. Kc2 Kg8 43. a3 Kg7 44. Qe2 Qb7 45. hxg5 fxg5 46. Rg3 Nd7 47. f4 exf4 48. Bxf4 Qb8 49. Rg1 Kf7 50. Bg3 Re8 51. Qh2 Nf6 52. Nxd6+ Bxd6 53. Bxd6 Qd8 54. e5 Rhh8 1-0